| 000 | 00409nam a2200145Ia 4500 | ||
|---|---|---|---|
| 008 | 211118s9999||||xx |||||||||||||| ||und|| | ||
| 082 |
_a894.8123 _bNAR-I |
||
| 100 | _aP V, Narasimha Rao | ||
| 245 | 0 | _aInsider | |
| 260 |
_bSahityapravarthaka Sangom _aKottayam _c1999 |
||
| 300 | _a759p | ||
| 630 | _xMalayalam NovelGeneral Stack | ||
| 650 |
_aMalayalam Literature _vMalayalam FictionMalayalam |
||
| 942 | _cBOOK | ||
| 999 |
_c96046 _d96046 |
||